000 00693nam a2200193Ii 4500
003 JO-AjNU
008 230605s9999||||xx |||||||||||||| ||und||
040 _aJO-AjNU
_bara
_erda
_cJO-AjNU
041 _aara
050 1 4 _aLG395.J35.J35 2010
100 3 _aجامعة مؤتة,
_eauthor
_942701
245 0 0 _aالراية 2010 الكتاب السنوي لجامعة مؤتة
264 3 1 _aالكرك:جامعة مؤتة،2010
300 _a388ص
_bصور توضيحية
336 _atext
_btxt
_2rdacontent
337 _aunmediated
_bn
_2rdamedia
338 _avolume
_bnc
_2rdacarrier
650 4 _a الجامعات والكليات-الأردن-كتب سنوية-جامعة مؤتة
_942702
999 _aA18304
_c21872
_d21872